Obres completes / (Record no. 136749)
[ view plain ]
| 000 -LEADER | |
|---|---|
| campo de control de longitud fija | 00653nam a2200217 4500 |
| 001 - NÚMERO DE CONTROL | |
| campo de control | 136749 |
| 003 - IDENTIFICADOR DE NÚMERO DE CONTROL | |
| campo de control | ES-MaACL |
| 005 - FECHA Y HORA DE LA ÚLTIMA TRANSACCIÓN | |
| campo de control | 20250713063712.0 |
| 007 - CAMPO FIJO DE DESCRIPCIÓN FÍSICA--INFORMACIÓN GENERAL | |
| campo de control de longitud fija | t| |
| 008 - DATOS DE LONGITUD FIJA--INFORMACIÓN GENERAL | |
| campo de control de longitud fija | 070214m19481964sp r ||||1| cat d |
| 100 1# - ENTRADA PRINCIPAL--NOMBRE DE PERSONA | |
| Nombre de persona | Sagarra, Josep M. de, |
| Fechas asociadas al nombre | 1894-1961 |
| 9 (RLIN) | 101415 |
| 245 10 - MENCIÓN DEL TÍTULO | |
| Título | Obres completes / |
| Mención de responsabilidad, etc. | Josep M. de Sagarra. |
| 250 ## - MENCION DE EDICION | |
| Mención de edición | 1ª. ed. |
| 260 ## - PUBLICACIÓN, DISTRIBUCIÓN, ETC. | |
| Lugar de publicación, distribución, etc. | Barcelona : |
| Nombre del editor, distribuidor, etc. | Ed. Selecta, |
| Fecha de publicación, distribución, etc. | 1948-1964. |
| 300 ## - DESCRIPCIÓN FÍSICA | |
| Extensión | 3 v. : |
| Otras características físicas | `retr. aut.` ; |
| Dimensiones | 15 cm. |
| 490 1# - MENCIÓN DE SERIE | |
| Mención de serie | Biblioteca excelsa ; |
| Designación de volumen o secuencia | 3 |
| 500 ## - NOTA GENERAL | |
| Nota general | Son los vol. 1,3 y 4. |
| 830 0# - PUNTO DE ACCESO ADICIONAL DE SERIE-TÍTULO UNIFORME | |
| Título uniforme | Biblioteca excelsa ; |
| Designación de volumen o secuencia | 3 |
| 9 (RLIN) | 187051 |
| 852 ## - LOCALIZACIÓN | |
| Ubicación | ES-MaACL |
| Número de control de estantería | P-331-Ter |
| Sublocalización o colección | R.26450 |
| Estatus retirado | Estado de pérdida | Estado de daño | No para préstamo | Biblioteca de origen | Biblioteca actual | Ubicación en estantería | Fecha de adquisición | Fuente de adquisición | Total de préstamos | Signatura topográfica completa | Código de barras | Visto por última vez | Precio de reemplazo | Tipo de ítem Koha |
|---|---|---|---|---|---|---|---|---|---|---|---|---|---|---|
| Biblioteca del Ateneo de Madrid | Biblioteca del Ateneo de Madrid | Depósito 2 | 17/01/2008 | P-331-Ter | 1142316 | 23/02/2023 | 23/02/2023 | Libro impreso |
